Normal view
MARC view
- شبكات الحاسوب - ادوات البحث
Entry Topical Term
001 - CONTROL NUMBER
- control field: 29789
003 - CONTROL NUMBER IDENTIFIER
- control field: JO-AjAnu
005 - DATE AND TIME OF LATEST TRANSACTION
- control field: 20230606075031.0
008 - FIXED-LENGTH DATA ELEMENTS
- fixed length control field: 230606|| aca||aabn | a|a d
040 ## - CATALOGING SOURCE
- Original cataloging agency: JO-AjAnu
- Transcribing agency: JO-AjAnu
150 ## - HEADING--TOPICAL TERM
- Topical term or geographic name entry element: شبكات الحاسوب - ادوات البحث
670 ## - SOURCE DATA FOUND
- Source citation: Work cat.: (JO-AjAnu)15296: القاضي ، زياد عبد الكريم, author 29788, يرمجة مواقع الويب =Html Java Scritps